000 00534nam a2200193Ia 4500
008 120911t2007 xxu||||| |||| 00| 0 sin d
041 _asin
080 _a8 - 31 (Indian)
_bMAL
100 _aZola,Emile
245 _aපුනරාගමනය
246 _aPunaragamanaya
260 _aWijesuriya
_aMulleriyawa
_c2007
300 _b393p, 21 cm
500 _aSinhalese Translation of Emile Zola's of Germinal
700 _aGunasekara,Dhanapala
_etr.
942 _cBK
999 _c41732
_d41732
003 LK-CoDNM
040 _aLK-CoDNM
_dLK-CoDNM
_eLK-CoDNM